PHP & mySQL : (Record no. 75964)

MARC details
000 -LEADER
fixed length control field 00759nam a22002417a 4500
005 - DATE AND TIME OF LATEST TRANSACTION
control field 20140730105124.0
010 ## - LCCN (DPL NO)
LC control number ENG-107376
020 ## - INTERNATIONAL STANDARD BOOK NUMBER
International Standard Book Number 9781259029431
Terms of availability 195.00
020 ## - INTERNATIONAL STANDARD BOOK NUMBER
International Standard Book Number 1259029433
Terms of availability 195.00
035 ## - SYSTEM CONTROL NUMBER
System control number EN-90909
035 ## - SYSTEM CONTROL NUMBER
System control number B-527976-988
037 ## - SOURCE OF ACQUISITION
Source of stock number/acquisition DBAD/PUB
037 ## - SOURCE OF ACQUISITION
Source of stock number/acquisition KBD/Ven
Stock number dpl
082 ## - DEWEY DECIMAL CLASSIFICATION NUMBER
Classification number 005.133
100 ## - MAIN ENTRY--PERSONAL NAME
Personal name McGrath, Mike
245 ## - TITLE STATEMENT
Title PHP & mySQL :
Statement of responsibility, etc by Mike McGrath
Remainder of title in easy steps /
260 ## - PUBLICATION, DISTRIBUTION, ETC. (IMPRINT)
Place of publication, distribution, etc New Delhi
Name of publisher, distributor, etc Tata Mc Graw Hill
Date of publication, distribution, etc 2012
270 ## - ADDRESS
Address P-24, Green Park Extension
City New Delhi
Postal code 110016
300 ## - PHYSICAL DESCRIPTION
Extent 192p.:
Dimensions 24cm(pbk)
Other physical details ill.
500 ## - GENERAL NOTE
General note Includes index
942 ## - ADDED ENTRY ELEMENTS (KOHA)
Source of classification or shelving scheme Dewey Decimal Classification
Item type English Books
Call number suffix MCG
Classification part 005.133
Holdings
Withdrawn status Lost status Not for loan Collection code Home library Current library Date acquired Source of acquisition Cost, normal purchase price Full call number Barcode Copy number Cost, replacement price Koha item type
      Non-fiction Central Jail Tihar Central Jail Tihar 30/07/2014 KBD/BL64/24.10.2013/07/10.10.2013/29.10.2013 195.00 005.133 MCG B-527986 1 195.00 English Books
      Non-fiction Central Library Central Library 30/07/2014 KBD/BL64/24.10.2013/07/10.10.2013/29.10.2013 195.00 005.133 MCG B-527976 1 195.00 English Books
    Not For Loan Non-fiction D.B.Act.Division D.B.Act.Division 23/05/2013 DBAD/PUB 195.00 005.133 MCG EN-90909 1 195.00 English Books
      Non-fiction Janak Puri Janak Puri 30/07/2014 KBD/BL64/24.10.2013/07/10.10.2013/29.10.2013 195.00 005.133 MCG B-527987 1 195.00 English Books
      Non-fiction Kasturba Gandhi Marg Kasturba Gandhi Marg 30/07/2014 KBD/BL64/24.10.2013/07/10.10.2013/29.10.2013 195.00 005.133 MCG B-527983 1 195.00 English Books
      Non-fiction Mobile Library Mobile Library 30/07/2014 KBD/BL64/24.10.2013/07/10.10.2013/29.10.2013 195.00 005.133 MCG B-527977 4 195.00 English Books
      Non-fiction Mobile Library Mobile Library 30/07/2014 KBD/BL64/24.10.2013/07/10.10.2013/29.10.2013 195.00 005.133 MCG B-527978 4 195.00 English Books
      Non-fiction Mobile Library Mobile Library 30/07/2014 KBD/BL64/24.10.2013/07/10.10.2013/29.10.2013 195.00 005.133 MCG B-527979 4 195.00 English Books
      Non-fiction Mobile Library Mobile Library 30/07/2014 KBD/BL64/24.10.2013/07/10.10.2013/29.10.2013 195.00 005.133 MCG B-527980 4 195.00 English Books
      Non-fiction New Police Line New Police Line 30/07/2014 KBD/BL64/24.10.2013/07/10.10.2013/29.10.2013 195.00 005.133 MCG B-527981 1 195.00 English Books
      Non-fiction Patel Nagar Patel Nagar 30/07/2014 KBD/BL64/24.10.2013/07/10.10.2013/29.10.2013 195.00 005.133 MCG B-527982 1 195.00 English Books
      Non-fiction Peshwa Road Peshwa Road 30/07/2014 KBD/BL64/24.10.2013/07/10.10.2013/29.10.2013 195.00 005.133 MCG B-527984 1 195.00 English Books
      Non-fiction Sarojini Nagar Sarojini Nagar 30/07/2014 KBD/BL64/24.10.2013/07/10.10.2013/29.10.2013 195.00 005.133 MCG B-527988 1 195.00 English Books
      Non-fiction Tri Nagar Tri Nagar 30/07/2014 KBD/BL64/24.10.2013/07/10.10.2013/29.10.2013 195.00 005.133 MCG B-527985 1 195.00 English Books

© Delhi Public Library
Hit Counter
free hit counter